| 000 | 00458nam a22001817a 4500 | ||
|---|---|---|---|
| 999 |
_c11776 _d11776 |
||
| 008 | 210102b ||||| |||| 00| 0 eng d | ||
| 020 | _a9789350996058 | ||
| 082 |
_a629.8 _bBAK |
||
| 100 | _aBakshi, Uday A. | ||
| 245 | _aControl systems | ||
| 250 | _a2nd Rv. Ed. | ||
| 260 |
_aPune _bTechnical publications _c2015 |
||
| 300 |
_axviii, S-4p. _bPbc |
||
| 650 | _aAutomatic control | ||
| 650 | _aControl theory | ||
| 700 | _aBakshi, V. U. | ||
| 942 | _cBK | ||